|
|
|
|
| LEADER |
00000nam0a2200000 4500 |
| 001 |
274906 |
| 005 |
20231101234755.0 |
| 035 |
|
|
|a (RuTPU)RU\TPU\book\298135
|
| 090 |
|
|
|a 274906
|
| 100 |
|
|
|a 20141110d1986 k y0rusy50 ca
|
| 101 |
0 |
|
|a rus
|
| 102 |
|
|
|a RU
|
| 105 |
|
|
|a a z 001zy
|
| 200 |
1 |
|
|a Определение малых концентраций элементов
|f Академия наук СССР (АН СССР), Институт геохимии и аналитической химии им. В. И. Вернадского (ГЕОХИ РАН) ; под ред. Ю. А. Золотова и В. А. Рябухина
|
| 210 |
|
|
|a Москва
|c Наука
|d 1986
|
| 215 |
|
|
|a 280 с.
|c ил.
|
| 320 |
|
|
|a Библиогр.: с. 273-274.
|
| 330 |
|
|
|a Книга посвящена одному из важнейших направлений аналитической химии и представляет собой сборник обзорных и оригинальных статей, подготовленных учениками и сотрудниками академика И. П. Алимарина в связи с его 80-летием. Рассмотрены успехи высокочувствительных методов анализа, в том числе люминесцентных, электрохимических, радиохимических. Освещены достижения в развитии ряда методов разделения и концентрирования, особенно сорбционных. Подводятся итоги и намечаются перспективы исследований в области органических реагентов.Для специалистов в области аналитической химии, а также ученых и производственных работников, использующих результаты химического анализа, преподавателей, студентов и аспирантов химических специальностей вузов.
|
| 606 |
1 |
|
|a Микрохимический анализ
|2 stltpush
|3 (RuTPU)RU\TPU\subj\73407
|9 86431
|
| 610 |
1 |
|
|a химические элементы
|
| 610 |
1 |
|
|a малые концентрации
|
| 610 |
1 |
|
|a определение
|
| 610 |
1 |
|
|a аналитическая химия
|
| 610 |
1 |
|
|a органические реагенты
|
| 610 |
1 |
|
|a выделение
|
| 610 |
1 |
|
|a концентрирование
|
| 610 |
1 |
|
|a сорбционные методы
|
| 610 |
1 |
|
|a физико-химические методы
|
| 610 |
1 |
|
|a гетерополисоединения
|
| 610 |
1 |
|
|a библиотека А. Г. Стромберга
|
| 675 |
|
|
|a 543.063
|v 3
|
| 702 |
|
1 |
|a Золотов
|b Ю. А.
|4 340
|
| 702 |
|
1 |
|a Рябухин
|b В. А.
|4 340
|
| 712 |
0 |
2 |
|a Академия наук СССР (АН СССР)
|b Институт геохимии и аналитической химии им. В. И. Вернадского (ГЕОХИ РАН)
|c (Москва)
|2 stltpush
|3 (RuTPU)RU\TPU\col\11383
|
| 801 |
|
1 |
|a RU
|b 63413507
|c 20141110
|
| 801 |
|
2 |
|a RU
|b 63413507
|c 20181102
|g RCR
|
| 942 |
|
|
|c BK
|